Andrew Lloyd Webber Musicals - Sudden Death - Statistics

General Stats
  • This quiz has been taken 148 times
    41 since last reset
  • The average score is 7 of 18
Answers on the Grid
Answers color-coded by a green-red scale on the quiz's grid according to % correct below.
Aspects Of Love
Billy Elliott
By Jeeves
Cabaret
Cats
Chess
Chicago
Cinderella
Dear Evan Hansen
Evita
Hamilton
Jesus Christ Superstar
Joseph and the Amazing Technicolor Dreamcoat
Kinky Boots
Les Misérables
Love Never Dies
Miss Saigon
Oliver!
School of Rock
Song and Dance
South Pacific
Starlight Express
Stephen Ward
Sunset Boulevard
Sweeney Todd: The Demon Barber of Fleet Street
Tell Me on a Sunday
The Beautiful Game (a.k.a. The Boys of Summer)
The Phantom of the Opera
The Pirates of Penzance
The Woman in White
West Side Story
Whistle Down the Wind
 
Answer Stats
Answer % Correct
Cats
78%
Jesus Christ Superstar
59%
The Phantom of the Opera
59%
Evita
56%
Joseph and the Amazing Technicolor Dreamcoat
48%
Starlight Express
48%
Sunset Boulevard
48%
Aspects Of Love
44%
Cinderella
37%
School of Rock
37%
By Jeeves
33%
Love Never Dies
26%
Tell Me on a Sunday
26%
Whistle Down the Wind
26%
Song and Dance
22%
The Beautiful Game (a.k.a. The Boys of Summer)
22%
The Woman in White
19%
Stephen Ward
15%
No matching quizzes found
Score Distribution
Percent of People with Each Score
Percentile by Number Answered
Your Score History
You have not taken this quiz since the last reset